|
|
|
|
| LEADER |
00000nam a2200000 a 4500 |
| 001 |
vtls001355274 |
| 003 |
SK-MaSNL |
| 005 |
20260506143300.0 |
| 008 |
240314s1967 DE b 0 ger |
| 020 |
|
|
|c 10,00
|
| 035 |
|
|
|a SNK000308730
|
| 040 |
|
|
|a SNK
|b slo
|c SNK
|e AACR2
|
| 044 |
|
|
|a DE
|
| 080 |
|
|
|a 929 Melicherčík, A.
|2 1981
|
| 100 |
1 |
|
|a Mjartan, Ján,
|d 1902-1996
|4 aut
|9 211649
|
| 245 |
1 |
0 |
|a Andrej Melicherčík (1917-1966)
|c Ján Mjartan
|
| 260 |
|
|
|a Berlin
|b Akademie
|c 1967
|
| 300 |
|
|
|a S.107-109
|c 24 cm
|
| 500 |
|
|
|a Odtlačok z: Deutsches Jahrbuch für Volkskunde Band 13, Jahrgang 1967, Teil 1
|
| 600 |
1 |
7 |
|a Melicherčík, Andrej,
|d 1917-1966
|2 SNKMA
|9 108200
|
| 655 |
|
7 |
|a biografie
|2 SNK
|9 27965
|
| 958 |
|
|
|a OND
|
| 999 |
|
|
|c 548255
|d 550185
|
| 952 |
|
|
|t P60, <03>, [BOOK], {603}
|a SNK
|b SNK
|y PREZ
|7 0
|p 17A0179515
|o snkOSC 20094
|i snkK 433/99
|0 0
|1 0
|4 0
|d 1999-02-16
|l 0
|r 2005-01-02 00:00:00
|w 2026-02-23
|